[Event "5. Griesheimer Schachtage 2009"]
[Site "Griesheim"]
[Date "2009.05.16"]
[Round "3.20"]
[White "Josic, Ivica"]
[Black "Auschkalnis, Reinhard"]
[Result "0-1"]
[WhiteElo "1633"]
[BlackElo "1880"]
[PlyCount "94"]
[EventDate "2009.??.??"]

1. e4 c5 2. Bc4 e6 3. Nc3 Nc6 4. Qf3 Nb4 5. Qd1 a6 6. a3 Nc6 7. Nf3 d6 8. d3
Be7 9. Be3 Nf6 10. d4 Na5 11. Ba2 c4 12. d5 b5 13. O-O e5 14. h3 O-O 15. a4 b4
16. Ne2 Nxe4 17. Bb1 f5 18. c3 Nb3 19. Ra2 a5 20. Bxe4 fxe4 21. Ne1 Bg5 22.
Bxg5 Qxg5 23. Kh1 Nd2 24. f4 exf3 25. Nxf3 Nxf3 26. cxb4 Bxh3 27. gxh3 Qh6 28.
Kg2 Nh4+ 29. Kh1 Rxf1+ 30. Qxf1 Rf8 31. Qe1 Nf5 32. Kh2 Ne3 33. bxa5 Nxd5 34.
Ra3 c3 35. Nxc3 Qf4+ 36. Qg3 Qd2+ 37. Kh1 Rf1+ 38. Qg1 Rxg1+ 39. Kxg1 Qe1+ 40.
Kg2 Nf4+ 41. Kf3 Nxh3 42. Nb5 h5 43. Re3 Ng5+ 44. Kg2 Qxe3 45. a6 Qf3+ 46. Kg1
Qe2 47. a7 Nf3+ 0-1

[Event "5. Griesheimer Schachtage 2009"]
[Site "Griesheim"]
[Date "2009.05.16"]
[Round "3.21"]
[White "Trierweiler, Joachim"]
[Black "Riedel, Matthias"]
[Result "1-0"]
[WhiteElo "1872"]
[BlackElo "1087"]
[PlyCount "83"]

1. Nf3 d5 2. c4 Nf6 3. g3 Nc6 4. cxd5 Nxd5 5. Bg2 e5 6. d3 Bg4 7. Nc3 Bb4 8.
Bd2 O-O 9. O-O Re8 10. a3 Bc5 11. Qb3 Be6 12. Nxd5 Bxd5 13. Qc2 f5 14. Qxc5 e4
15. Bg5 Qd7 16. dxe4 Bxe4 17. Rfd1 Qf7 18. Rd2 b6 19. Qc3 h6 20. Be3 Na5 21.
Rad1 Rac8 22. Rd7 Re7 23. Ne5 Qe6 24. Rxe7 Qxe7 25. Rd7 Qe6 26. Bxe4 fxe4 27.
b4 Nb3 28. Qc4 Qxc4 29. Nxc4 a6 30. Nd2 Nc1 31. Kf1 Na2 32. Bd4 g5 33. Nxe4 b5
34. Rg7+ Kf8 35. Rh7 Rd8 36. Rh8+ Ke7 37. Bf6+ Ke6 38. Rxd8 Kf5 39. f3 Nc3 40.
Bxc3 h5 41. Rd5+ Ke6 42. Rxg5 1-0

[Event "5. Griesheimer Schachtage 2009"]
[Site "Griesheim"]
[Date "2009.05.16"]
[Round "3.22"]
[White "Bauer, Bjoern-Benny"]
[Black "Behm, Willi"]
[Result "0-1"]
[WhiteElo "1525"]
[BlackElo "1869"]
[PlyCount "62"]

1. d4 d5 2. c4 e6 3. Nf3 Nf6 4. Bf4 Be7 5. Nc3 O-O 6. e3 a6 7. cxd5 exd5 8. Bd3
c6 9. O-O Re8 10. Qc2 Nbd7 11. Ne5 Nf8 12. Rfd1 Nh5 13. Bg3 Bf6 14. Nf3 g6 15.
e4 dxe4 16. Bxe4 Nxg3 17. hxg3 Qa5 18. Nd2 Bg4 19. f3 Bxd4+ 20. Kf1 Bxc3 21.
bxc3 Be6 22. Bd3 Qc7 23. Ne4 Nd7 24. c4 Bf5 25. Kf2 Bxe4 26. Bxe4 Nc5 27. Bd3
Rad8 28. Be2 Ne6 29. Qb2 b5 30. Rh1 Qb6+ 31. Kf1 Qe3 0-1

[Event "5. Griesheimer Schachtage 2009"]
[Site "Griesheim"]
[Date "2009.05.16"]
[Round "3.23"]
[White "Opasiak, Dustin Tennessee"]
[Black "Busch, Florian"]
[Result "1/2-1/2"]
[WhiteElo "1721"]
[BlackElo "1632"]
[PlyCount "81"]

1. e4 e6 2. d4 d5 3. Nc3 Nf6 4. e5 Nfd7 5. f4 c5 6. Nf3 Nc6 7. Ne2 Be7 8. c3
Qb6 9. g3 cxd4 10. cxd4 Bb4+ 11. Bd2 Qa5 12. a3 Bxd2+ 13. Qxd2 Qxd2+ 14. Kxd2
Nb6 15. Nc3 Bd7 16. Nb5 Ke7 17. Rc1 Na5 18. Rc7 Rhc8 19. Rxc8 Rxc8 20. Nd6
Nbc4+ 21. Bxc4 Nxc4+ 22. Nxc4 Rxc4 23. b3 Rc6 24. Rc1 Ra6 25. Rc7 Rb6 26. Rc3
Ke8 27. Ne1 Kd8 28. Nd3 h6 29. Nc5 a6 30. b4 g6 31. Nb3 Ba4 32. Na5 Bc6 33. Rc5
Kd7 34. Kc3 Ba4 35. Kd2 Kd8 36. Kc3 Kd7 37. Nb3 Bxb3 38. Kxb3 Rc6 39. Ka4 b6
40. Rxc6 Kxc6 41. Kb3 1/2-1/2

[Event "5. Griesheimer Schachtage 2009"]
[Site "Griesheim"]
[Date "2009.05.16"]
[Round "3.24"]
[White "Freund, Karlheinz"]
[Black "Adamczyk, Matthias"]
[Result "1-0"]
[WhiteElo "2039"]
[BlackElo "1770"]
[PlyCount "75"]

1. d4 d5 2. Nc3 Nf6 3. Bg5 e6 4. e4 Be7 5. e5 Nfd7 6. Bxe7 Qxe7 7. Qd2 a6 8. f4
c5 9. Nf3 Nc6 10. Be2 b5 11. a3 Bb7 12. O-O Rc8 13. Kh1 cxd4 14. Nxd4 Nxd4 15.
Qxd4 Qc5 16. Rad1 Nb6 17. Rd2 Nc4 18. Bxc4 Qxc4 19. Rfd1 O-O 20. Qe3 Qc5 21.
Rd4 a5 22. R1d2 Bc6 23. Ne2 Ra8 24. h3 Rfb8 25. Ng3 b4 26. f5 exf5 27. Nxf5 Bd7
28. Nxg7 bxa3 29. bxa3 Ra6 30. Nh5 Rb1+ 31. Kh2 Qe7 32. Rxd5 Rb7 33. Rd6 Rxd6
34. Rxd6 Bf5 35. Qd4 Rb8 36. e6 Qg5 37. Nf6+ Kf8 38. Nd7+ 1-0

[Event "5. Griesheimer Schachtage 2009"]
[Site "Griesheim"]
[Date "2009.05.16"]
[Round "3.25"]
[White "Struwecker, Sigurd"]
[Black "Storkebaum, Ulrike"]
[Result "0-1"]
[WhiteElo "1058"]
[BlackElo "1878"]
[PlyCount "106"]

1. d4 Nf6 2. c4 g6 3. Nc3 Bg7 4. Nf3 d6 5. e4 O-O 6. Be2 Nbd7 7. O-O e5 8. dxe5
Nxe5 9. Nxe5 dxe5 10. Bg5 c6 11. Qxd8 Rxd8 12. Rad1 Be6 13. b3 h6 14. Bc1 Bf8
15. f3 Bc5+ 16. Kh1 g5 17. g4 Bd4 18. Nb1 Kh7 19. Kg2 Rg8 20. Rh1 Kg7 21. h4
Nh7 22. hxg5 hxg5 23. Rh3 c5 24. Rdh1 Rh8 25. Na3 a6 26. Nc2 f6 27. Ne3 b5 28.
Nf5+ Bxf5 29. exf5 b4 30. Bd3 a5 31. Be4 Ra7 32. a4 bxa3 33. Bxa3 a4 34. Rb1
Rb8 35. b4 cxb4 36. Rxb4 Rxb4 37. Bxb4 a3 38. Bxa3 Rxa3 39. Rh1 Ra2+ 40. Kh3
Nf8 41. Bc6 Rc2 42. Rb1 Rxc4 43. Rb7+ Kh8 44. Bd5 Rc1 45. Rf7 Nh7 46. Rb7 Rc8
47. Be6 Rd8 48. Ba2 Be3 49. Rf7 Bf4 50. Re7 Nf8 51. Rf7 Nh7 52. Rb7 e4 53. Kg2
Rd2+ 0-1

[Event "5. Griesheimer Schachtage 2009"]
[Site "Griesheim"]
[Date "2009.05.16"]
[Round "3.26"]
[White "Iwanziw, Niklas"]
[Black "Selzer, Torsten"]
[Result "0-1"]
[WhiteElo "1866"]
[BlackElo "1618"]
[PlyCount "54"]

1. d4 d5 2. c4 c6 3. Nf3 Nf6 4. e3 e6 5. Qc2 Nbd7 6. Nbd2 Be7 7. Bd3 c5 8. O-O
b6 9. e4 dxe4 10. Nxe4 Bb7 11. Neg5 cxd4 12. Nxe6 fxe6 13. Bg6+ Kf8 14. Ng5 Nc5
15. b4 d3 16. Qb2 hxg6 17. bxc5 Qd7 18. Re1 Qc6 19. Nxe6+ Kg8 20. f4 Bxc5+ 21.
Be3 Bxe3+ 22. Rxe3 Re8 23. Rae1 Bc8 24. Ng5 Rxe3 25. Rxe3 Qc5 26. Qd2 Ng4 27.
Qxd3 Qxe3+ 0-1

[Event "5. Griesheimer Schachtage 2009"]
[Site "Griesheim"]
[Date "2009.05.16"]
[Round "3.27"]
[White "Krischak, Werner"]
[Black "Farmani Anosheh, Yasha"]
[Result "0-1"]
[WhiteElo "1619"]
[BlackElo "1995"]
[PlyCount "38"]

1. d4 Nf6 2. c4 c5 3. d5 e6 4. Nc3 exd5 5. cxd5 d6 6. e4 g6 7. f4 Bg7 8. Nf3
O-O 9. Bd3 Bg4 10. O-O Nbd7 11. Qb3 Bxf3 12. Rxf3 Qc7 13. Nb5 Qb6 14. a4 c4+
15. Be3 Qxe3+ 16. Rxe3 cxb3 17. Nxd6 Ng4 18. Rh3 Bxb2 19. Rd1 Bd4+ 0-1

[Event "5. Griesheimer Schachtage 2009"]
[Site "Griesheim"]
[Date "2009.05.16"]
[Round "3.28"]
[White "Heilmann, Michael"]
[Black "Ovsepyan, Arshak"]
[Result "1-0"]
[WhiteElo "1288"]
[BlackElo "1863"]
[PlyCount "73"]

1. e4 e6 2. d4 d5 3. e5 c5 4. c3 Nc6 5. Nf3 Qb6 6. Be2 Bd7 7. O-O Rc8 8. dxc5
Bxc5 9. b4 Be7 10. Be3 Qc7 11. a3 f6 12. exf6 Nxf6 13. Nbd2 O-O 14. Rc1 e5 15.
Qb3 a6 16. Ne1 Kh8 17. Nd3 Bd6 18. Bc5 b6 19. Bxd6 Qxd6 20. Ne1 a5 21. b5 Ne7
22. a4 h6 23. g3 Ng6 24. Ng2 Rfe8 25. Qc2 Ne7 26. Rfd1 Bf5 27. Qb3 Qe6 28. Ne3
Bg6 29. Bf3 Red8 30. Ndf1 Rd6 31. Qa2 Be4 32. Bg2 Bxg2 33. Kxg2 Ne4 34. c4 d4
35. Nd5 Nc5 36. Nxe7 Qxe7 37. Qe2 {ZUE} 1-0

[Event "5. Griesheimer Schachtage 2009"]
[Site "Griesheim"]
[Date "2009.05.16"]
[Round "3.29"]
[White "Merkel, Greger"]
[Black "Wolk, Christine"]
[Result "0-1"]
[WhiteElo "1743"]
[BlackElo "1687"]
[PlyCount "66"]

1. e4 c5 2. Nf3 d6 3. d4 cxd4 4. Nxd4 Nf6 5. Nc3 Nc6 6. Bb5 Bd7 7. f3 a6 8.
Bxc6 bxc6 9. Be3 Qb6 10. Qd2 e5 11. Nf5 Qc7 12. Ng3 Be7 13. O-O O-O 14. h3 Be6
15. f4 exf4 16. Rxf4 Nd7 17. Rff1 Ne5 18. b3 Rad8 19. Nf5 Bxf5 20. exf5 Bf6 21.
Ne4 Qe7 22. Nxf6+ gxf6 23. Bh6 Rfe8 24. Rf4 Kh8 25. Bg7+ Kxg7 26. Rh4 Nf3+ 27.
gxf3 Qe3+ 28. Qxe3 Rxe3 29. Kf2 Rde8 30. Rg1+ Kh8 31. Rc4 Re2+ 32. Kf1 Re1+ 33.
Kf2 R8e2+ 0-1

[Event "5. Griesheimer Schachtage 2009"]
[Site "Griesheim"]
[Date "2009.05.16"]
[Round "3.30"]
[White "Heilmann, Jean-Michel"]
[Black "Kuenitz, Klaus"]
[Result "1-0"]
[WhiteElo "1151"]
[BlackElo "1699"]
[PlyCount "81"]

1. e4 e6 2. d4 d5 3. exd5 exd5 4. Nc3 Nf6 5. Bd3 c5 6. Be3 c4 7. Be2 Bb4 8. Nf3
Ne4 9. Bd2 Bxc3 10. Bxc3 Nxc3 11. bxc3 O-O 12. O-O f6 13. Qd2 Nc6 14. Rfe1 Ne7
15. Nh4 Qd6 16. Bf1 Bg4 17. Re3 Rae8 18. h3 Nf5 19. Nxf5 Bxf5 20. Be2 Qf4 21.
Bf3 Be4 22. Bxe4 Rxe4 23. Rae1 Kf7 24. Qe2 Rxe3 25. fxe3 Qe4 26. Qh5+ Kg8 27.
Qe2 Re8 28. Kf2 Qh4+ 29. Kg1 Re4 30. Qf2 Qg5 31. Qf3 f5 32. Kf2 f4 33. g3 fxg3+
34. Qxg3 Qxg3+ 35. Kxg3 g5 36. Kf3 h5 37. Rg1 g4+ 38. hxg4 hxg4+ 39. Rxg4+ Rxg4
40. Kxg4 Kf7 41. Kf5 1-0

[Event "5. Griesheimer Schachtage 2009"]
[Site "Griesheim"]
[Date "2009.05.16"]
[Round "3.31"]
[White "Barisch, Florian"]
[Black "Damm, Nils"]
[Result "1-0"]
[WhiteElo "1697"]
[BlackElo "1473"]
[PlyCount "21"]

1. d4 d5 2. c4 Nc6 3. cxd5 Qxd5 4. Nf3 Bg4 5. Nc3 Qd8 6. d5 Bxf3 7. gxf3 Ne5 8.
Bf4 Nd7 9. Nb5 Rc8 10. Nxa7 Ra8 11. Nb5 1-0

[Event "5. Griesheimer Schachtage 2009"]
[Site "Griesheim"]
[Date "2009.05.17"]
[Round "4.1"]
[White "Farmani Anosheh, Armin"]
[Black "Grabarczyk, Bogdan"]
[Result "1/2-1/2"]
[WhiteElo "2136"]
[BlackElo "2450"]
[PlyCount "82"]

1. d4 f5 2. g3 Nf6 3. Bg2 g6 4. Nf3 Bg7 5. O-O O-O 6. b3
d6 7. Bb2 h6 8. c4 Qe8 9. Nc3 c6 10. Qc2 Na6 11. a3 g5 12. e4 Nxe4 13. Nxe4
fxe4 14. Qxe4 Bf5 15. Qe3 Qf7 16. h3 Rae8 17. Rfe1 Bg6 18. Bc3 Bh5 19. Nd2 Nc7
20. Rac1 Kh8 21. d5 cxd5 22. Bxg7+ Kxg7 23. cxd5 Nxd5 24. Qd4+ Nf6 25. Rc7 Kg8
26. Nc4 d5 27. Ne5 Qe6 28. Re3 Qb6 29. Bxd5+ e6 30. Qxb6 axb6 31. Bxb7 Nd5 32.
Bxd5 exd5 33. Rd7 Rd8 34. Rxd8 Rxd8 35. Nc6 Rd6 36. Ne7+ Kf8 37. Nf5 Rc6 38.
Re5 Bf7 39. Nd4 Rc1+ 40. Kg2 Rd1 41. Nf5 d4 1/2-1/2

[Event "5. Griesheimer Schachtage 2009"]
[Site "Griesheim"]
[Date "2009.05.17"]
[Round "4.2"]
[White "Nies, Peter"]
[Black "Steinkohl, Thomas"]
[Result "0-1"]
[WhiteElo "2089"]
[BlackElo "2246"]
[PlyCount "54"]

1. e4 e5 2. Nf3 Nc6 3. d4 exd4 4. Nxd4 Nf6 5. Nc3 Bb4 6. Nxc6 bxc6 7. Qd4 Qe7
8. f3 Bc5 9. Qa4 Nd5 10. Bd2 Ne3 11. Ke2 Nxf1 12. Raxf1 a5 13. Kd1 Ba6 14. Ne2
O-O 15. c4 d5 16. exd5 cxd5 17. Nc3 Bxc4 18. Re1 Qf6 19. Ne4 Qd4 20. Nxc5 Qxc5
21. Re3 Qd4 22. b3 Qa1+ 23. Bc1 d4 24. Re4 Bd3 25. Qxd4 Qb1 26. Kd2 Rad8 27.
Bb2 Bxe4 0-1

[Event "5. Griesheimer Schachtage 2009"]
[Site "Griesheim"]
[Date "2009.05.17"]
[Round "4.3"]
[White "Barthel, Ansgar"]
[Black "Bahlke, Wolfgang"]
[Result "1-0"]
[WhiteElo "2258"]
[BlackElo "2125"]
[PlyCount "103"]

1. e4 c6 2. d4 d5 3. Nc3 dxe4 4. Nxe4 Nd7 5. Bc4 Ngf6 6. Ng5 e6 7. Qe2 Nb6 8.
Bd3 h6 9. N5f3 c5 10. dxc5 Bxc5 11. Ne5 Nbd7 12. Ngf3 Qc7 13. O-O O-O 14. Re1
Bd6 15. c4 Nxe5 16. Nxe5 Bxe5 17. Qxe5 Qxe5 18. Rxe5 Rd8 19. Be2 Bd7 20. Be3
Bc6 21. Ra5 a6 22. Ra3 Rac8 23. f3 e5 24. Ra5 e4 25. f4 Rd6 26. Kf2 Bd7 27. h3
Be6 28. b3 Rcd8 29. g4 Bc8 30. Re5 Re6 31. Rxe6 Bxe6 32. f5 Bc8 33. Rd1 Rxd1
34. Bxd1 Kf8 35. Bc5+ Ke8 36. Bd4 Ke7 37. Ke3 g6 38. fxg6 fxg6 39. Bc2 g5 40.
Bxf6+ Kxf6 41. Kxe4 h5 42. Bd1 b6 43. Kd4 hxg4 44. Bxg4 Bb7 45. b4 a5 46. b5 a4
47. a3 Bg2 48. c5 bxc5+ 49. Kxc5 Ke5 50. b6 Bb7 51. Bd7 Kf4 52. Kd6 1-0

[Event "5. Griesheimer Schachtage 2009"]
[Site "Griesheim"]
[Date "2009.05.17"]
[Round "4.4"]
[White "Zuyev, Igor"]
[Black "Gramlich, Sebastian"]
[Result "1/2-1/2"]
[WhiteElo "2308"]
[BlackElo "2225"]
[PlyCount "113"]

1. e4 d5 2. exd5 Nf6 3. d4 Bg4 4. Be2 Bxe2 5. Qxe2 Qxd5 6.
Nf3 e6 7. c4 Qh5 8. Nc3 Be7 9. Bf4 c6 10. Qe5 Na6 11. O-O O-O 12. Rfe1 Rad8 13.
Rad1 Rfe8 14. Qg5 Qxg5 15. Bxg5 h6 16. Bh4 Kf8 17. h3 c5 18. Nb5 cxd4 19. Nfxd4
Bb4 20. Re5 Bc5 21. Bxf6 gxf6 22. Ree1 Rd7 23. Re2 Red8 24. Red2 Nb8 25. Nf3 a6
26. Rxd7 Rxd7 27. Nc3 Rxd1+ 28. Nxd1 Nc6 29. g4 Ne5 30. Nxe5 fxe5 31. Kg2 f5
32. Ne3 f4 33. Nc2 e4 34. b4 f3+ 35. Kf1 Bd6 36. c5 Bf4 37. Nd4 Ke7 38. Nb3 Kd7
39. h4 Kc6 40. Na5+ Kc7 41. Nc4 Kc6 42. Na5+ Kc7 43. Ke1 Be5 44. Kf1 44... Bf4
{Dreifache Stellungswiederholung} 45. Nc4 Kc6 46. a3 Kc7 47. Na5 Bc1 48. Nc4
Bf4 49. Ke1 Kc6 50. a4 e3 51. Nxe3 a5 52. Nc2 e5 53. bxa5 Kxc5 54. Ne3 e4 55.
Nf5 Kd5 56. Kd1 Ke5 57. Ne3 1/2-1/2

[Event "5. Griesheimer Schachtage 2009"]
[Site "Griesheim"]
[Date "2009.05.17"]
[Round "4.5"]
[White "Prudlo, Simon"]
[Black "Busch, Lorenz"]
[Result "1-0"]
[WhiteElo "2238"]
[BlackElo "2158"]
[PlyCount "63"]

1. e4 e5 2. Bc4 Bc5 3. Nf3 Nc6 4. c3 Nf6 5. d3 a6 6. Nbd2
d6 7. Bb3 O-O 8. h3 Ba7 9. Nf1 d5 10. Qe2 d4 11. Ng3 h6 12. O-O Ne8 13. Nh2 Nd6
14. Qh5 Kh7 15. Bd5 Ne7 16. Qxe5 Ng6 17. Qh5 c6 18. Bb3 Ne8 19. Qe2 Qf6 20. Nh5
Qd6 21. Nf3 Ne5 22. Bf4 Nxf3+ 23. Qxf3 Qg6 24. Be5 dxc3 25. bxc3 f5 26. Nf4 Qg5
27. Ne6 Bxe6 28. Bxe6 Nf6 29. Qxf5+ Qxf5 30. exf5 Rad8 31. Rfd1 Nd7 32. Bc7 1-0

[Event "5. Griesheimer Schachtage 2009"]
[Site "Griesheim"]
[Date "2009.05.17"]
[Round "4.6"]
[White "Auschkalnis, Reinhard"]
[Black "Dietz, Holger"]
[Result "0-1"]
[WhiteElo "1880"]
[BlackElo "2293"]
[PlyCount "68"]

1. d4 Nf6 2. c4 e6 3. Nf3 Bb4+ 4. Bd2 Qe7 5. Qc2 Bxd2+ 6. Nfxd2 d6 7. g3 e5 8.
dxe5 dxe5 9. Bg2 O-O 10. O-O c6 11. Nc3 Be6 12. b3 a5 13. Na4 Nfd7 14. c5 Na6
15. Rac1 f5 16. e4 f4 17. Qc3 Nc7 18. Nf3 Nb5 19. Qb2 Bg4 20. Ne1 f3 21. Nxf3
Bxf3 22. Bxf3 Rxf3 23. Qd2 Nd4 24. Kg2 Qf7 25. Nb2 Qg6 26. Rfe1 Raf8 27. Nd3
Qh5 28. Re3 R8f6 29. Rf1 Nf8 30. Ne1 Rxe3 31. Qxe3 Nfe6 32. Qc3 Ng5 33. h4 Nxe4
34. Qxa5 Qe2 0-1

[Event "5. Griesheimer Schachtage 2009"]
[Site "Griesheim"]
[Date "2009.05.17"]
[Round "4.7"]
[White "Diaz, Joaquin"]
[Black "Donchenko, Alexander"]
[Result "1-0"]
[WhiteElo "2162"]
[BlackElo "1984"]
[PlyCount "47"]

1. e4 Nf6 2. e5 Nd5 3. c4 Nb6 4. d4 d6 5. f4 dxe5 6. fxe5 Nc6 7. Be3 Bf5 8. Nc3
e6 9. Nf3 Qd7 10. Be2 O-O-O 11. O-O Bg4 12. c5 Nd5 13. Nxd5 Qxd5 14. h3 Bh5 15.
Ng5 Bxe2 16. Qxe2 Nxd4 17. Bxd4 Qxd4+ 18. Kh1 Rd5 19. Nxf7 Rg8 20. Rad1 Qxc5
21. Qg4 Rd7 22. Qxe6 Qe7 23. Rxd7 Qxd7 24. Nd6+ 1-0

[Event "5. Griesheimer Schachtage 2009"]
[Site "Griesheim"]
[Date "2009.05.17"]
[Round "4.8"]
[White "Behm, Willi"]
[Black "Hahn, Werner"]
[Result "0-1"]
[WhiteElo "1869"]
[BlackElo "2159"]
[PlyCount "88"]

1. e4 c5 2. Nf3 d6 3. d4 cxd4 4. Nxd4 Nf6 5. Nc3 a6 6. Be2 e6 7. f4 Be7 8. Be3
O-O 9. O-O Qc7 10. g4 e5 11. Nf5 Bxf5 12. exf5 exf4 13. Rxf4 h6 14. h4 Nfd7 15.
Qe1 Nc6 16. Qg3 Qd8 17. Bf2 Bf6 18. Re4 Nc5 19. Bxc5 dxc5 20. g5 hxg5 21. hxg5
Bxg5 22. Rg4 Bh6 23. Rd1 Nd4 24. Bd3 Re8 25. Rf1 f6 26. Rg6 Bg5 27. Bc4+ Kf8
28. Qh3 Bh6 29. Rxh6 gxh6 30. Qxh6+ Ke7 31. Nd5+ Kd6 32. Nxf6 Kc7 33. Nxe8+
Qxe8 34. Qg7+ Kb6 35. Qf6+ Ka7 36. Kf2 Qe4 37. Bd3 Qf3+ 38. Ke1 Re8+ 39. Kd2
Re2+ 40. Kc3 Nb5+ 41. Kb3 Qxf1 42. Bxe2 Qxe2 43. c3 Nd4+ 44. cxd4 Qd3+ 0-1

[Event "5. Griesheimer Schachtage 2009"]
[Site "Griesheim"]
[Date "2009.05.17"]
[Round "4.9"]
[White "Hirth, Ulrich"]
[Black "Will, Patrick"]
[Result "1-0"]
[WhiteElo "2153"]
[BlackElo "1929"]
[PlyCount "41"]

1. d4 d5 2. Bf4 c6 3. e3 Nf6 4. c4 a6 5. Nf3 b5 6. cxb5 cxb5 7. a4 b4 8. Bd3 a5
9. Nbd2 Ba6 10. Nb3 e6 11. Rc1 Bd6 12. Bxd6 Qxd6 13. Bb5+ Nbd7 14. Rc6 Bxb5 15.
Rxd6 Bxa4 16. Qd3 Ke7 17. Rxd7+ Nxd7 18. Nc5 Nxc5 19. dxc5 h6 20. O-O Rhc8 21.
Qd4 1-0

[Event "5. Griesheimer Schachtage 2009"]
[Site "Griesheim"]
[Date "2009.05.17"]
[Round "4.10"]
[White "Werner, Bernd-Michael"]
[Black "Trierweiler, Joachim"]
[Result "1-0"]
[WhiteElo "2123"]
[BlackElo "1872"]
[PlyCount "79"]

1. e4 c5 2. c4 Nc6 3. Nc3 g6 4. g3 Bg7 5. Bg2 d6 6. Nge2 Nf6 7. O-O O-O 8. d3
Bd7 9. h3 Nd4 10. Nxd4 cxd4 11. Ne2 Qb6 12. Qb3 e5 13. Bd2 Rfc8 14. f4 Bc6 15.
f5 Nd7 16. Qc2 Nc5 17. b4 Nxe4 18. b5 Nxd2 19. bxc6 bxc6 20. Qxd2 Qd8 21. Rab1
Rc7 22. Kh2 Rb8 23. Rxb8 Qxb8 24. fxg6 hxg6 25. Nc1 f5 26. Nb3 Kh7 27. Qg5 Bh6
28. Qf6 Qf8 29. Qe6 Bg7 30. g4 f4 31. g5 Qf5 32. Qxd6 Rf7 33. Be4 Qxg5 34. Rg1
Rf6 35. Qe7 Qh5 36. Nc5 f3 37. Ne6 Qh6 38. Ng5+ Kg8 39. Qe8+ Rf8 40. Qe6+ 1-0

[Event "5. Griesheimer Schachtage 2009"]
[Site "Griesheim"]
[Date "2009.05.17"]
[Round "4.11"]
[White "Fuehrer, Michael"]
[Black "Pelt, Alexander"]
[Result "0-1"]
[WhiteElo "1787"]
[BlackElo "2099"]
[PlyCount "50"]

1. e4 e5 2. Nf3 Nc6 3. Bc4 Bc5 4. b4 Bb6 5. O-O d6 6. a4
a6 7. h3 Be6 8. Bxe6 fxe6 9. c3 Nf6 10. Ng5 Qe7 11. Qb3 h6 12. Nxe6 Kd7 13. a5
Ba7 14. d4 exd4 15. Nf4 Qxe4 16. Ra2 Rae8 17. Re2 Qf5 18. Qf7+ Kc8 19. Rfe1 Ne5
20. Qb3 d3 21. c4 dxe2 22. b5 Nxc4 23. b6 Nxb6 24. axb6 Bxb6 25. Nc3 Ne4 0-1

[Event "5. Griesheimer Schachtage 2009"]
[Site "Griesheim"]
[Date "2009.05.17"]
[Round "4.12"]
[White "Lenhardt, Manfred"]
[Black "Will, Dominik"]
[Result "0-1"]
[WhiteElo "2040"]
[BlackElo "1790"]
[PlyCount "72"]

1. d4 Nf6 2. Nc3 d5 3. Bg5 c5 4. dxc5 d4 5. Na4 Qa5+ 6. c3 Bd7 7. Bxf6 gxf6 8.
Qxd4 Qxa4 9. Qxa4 Bxa4 10. b4 Bg7 11. e3 Nd7 12. Bd3 b6 13. cxb6 Bc6 14. Nf3
axb6 15. Nd4 Ne5 16. Be2 O-O 17. f4 Bxg2 18. Rg1 Be4 19. fxe5 fxe5 20. Bf3 exd4
21. Bxe4 Ra3 22. exd4 Rxc3 23. Kd2 Rc4 24. Rab1 Rd8 25. Ke2 Rcxd4 26. Kf3 Kh8
27. a4 Rd2 28. Rg2 Rxg2 29. Kxg2 Rd2+ 30. Kf3 Bd4 31. h3 e6 32. Rb3 Rf2+ 33.
Kg3 f5 34. Bb7 Kg7 35. a5 h5 36. a6 f4+ 0-1

[Event "5. Griesheimer Schachtage 2009"]
[Site "Griesheim"]
[Date "2009.05.17"]
[Round "4.13"]
[White "Plattner, Rolf"]
[Black "Hornung, Thomas"]
[Result "0-1"]
[WhiteElo "1932"]
[BlackElo "2070"]
[PlyCount "72"]

1. d4 d5 2. Nf3 Nf6 3. c4 c6 4. e3 Bf5 5. cxd5 cxd5 6. Nc3 Nc6 7. Nh4 Bg6 8.
Nxg6 hxg6 9. g3 e6 10. Bg2 a6 11. Bd2 Bd6 12. O-O Rc8 13. Rc1 O-O 14. Qe2 b5
15. a3 Qb6 16. b4 Nd7 17. Rfd1 f5 18. Qd3 Kf7 19. Ne2 Nf6 20. f3 e5 21. dxe5
Nxe5 22. Qb3 Nc4 23. Rc3 Rfe8 24. Nd4 Be5 25. Rd3 Re7 26. Kf2 Rh8 27. h4 Rc8
28. a4 Qb8 29. Ne2 Nb2 30. Bc3 Nxd1+ 31. Qxd1 Rc4 32. Bxe5 Qxe5 33. axb5 axb5
34. Qd2 Qd6 35. Nf4 Qxb4 36. Qd1 Qc5 0-1

[Event "5. Griesheimer Schachtage 2009"]
[Site "Griesheim"]
[Date "2009.05.17"]
[Round "4.14"]
[White "Diehm, Alexander"]
[Black "Diehl, Mirko"]
[Result "1-0"]
[WhiteElo "2067"]
[BlackElo "1773"]
[PlyCount "49"]

1. d4 d5 2. e4 e6 3. e5 c5 4. c3 Nc6 5. Nf3 a6 6. Bd3 cxd4 7. cxd4 Bb4+ 8. Nc3
Bd7 9. O-O h6 10. Ne2 Nge7 11. a3 Ba5 12. Ng3 b5 13. Nh5 Kf8 14. Nh4 Nf5 15.
Nxf5 exf5 16. Be3 Be6 17. Rc1 Rc8 18. Qf3 Ne7 19. Rxc8 Qxc8 20. Rc1 Qb7 21. h4
g6 22. Nf6 Ng8 23. Qg3 Bd8 24. h5 g5 25. Bxg5 1-0

[Event "5. Griesheimer Schachtage 2009"]
[Site "Griesheim"]
[Date "2009.05.17"]
[Round "4.15"]
[White "Storkebaum, Ulrike"]
[Black "Hoeck, Raimund"]
[Result "1-0"]
[WhiteElo "1878"]
[BlackElo "2064"]
[PlyCount "99"]

1. e4 c5 2. Nf3 d6 3. d4 cxd4 4. Nxd4 Nf6 5. Nc3 a6 6. Be2 e6 7. Be3 Be7 8. O-O
O-O 9. f4 Qc7 10. Kh1 Nc6 11. a4 Re8 12. Nb3 b6 13. g4 Nd7 14. g5 Bb7 15. Bf3
g6 16. Qe1 Nb4 17. Rc1 d5 18. Bg2 Nc5 19. Nd2 Rad8 20. exd5 Nxd5 21. Nxd5 Bxd5
22. b3 Bxg2+ 23. Kxg2 Qc6+ 24. Rf3 Ne4 25. Nxe4 Qxe4 26. Bxb6 Qxe1 27. Rxe1
Rd2+ 28. Rf2 Bb4 29. Rxd2 Bxd2 30. Re4 Rc8 31. c4 e5 32. fxe5 Bxg5 33. h4 Be7
34. c5 Kf8 35. Kf3 Ke8 36. b4 Kd7 37. Ke2 Kc6 38. Kd3 Kd5 39. Rf4 Rf8 40. Re4
f5 41. exf6 Bxf6 42. Bc7 Rc8 43. Bd6 Rg8 44. Rf4 Bb2 45. b5 axb5 46. axb5 Ra8
47. b6 Be5 48. Bxe5 Ra3+ 49. Bc3 Kxc5 50. b7 1-0

[Event "5. Griesheimer Schachtage 2009"]
[Site "Griesheim"]
[Date "2009.05.17"]
[Round "4.16"]
[White "Leiter, Thomas"]
[Black "Schroeder, Jan-Christian"]
[Result "1-0"]
[WhiteElo "2054"]
[BlackElo "1820"]
[PlyCount "57"]

1. e4 e5 2. Nf3 Nc6 3. Bc4 Nf6 4. Ng5 d5 5. exd5 Na5 6.
Bb5+ c6 7. dxc6 bxc6 8. Be2 h6 9. Nf3 e4 10. Ne5 Bd6 11. d4 exd3 12. Nxd3 Qc7
13. h3 O-O 14. O-O Bb7 15. Na3 c5 16. Bf3 Ne4 17. Nb5 Bh2+ 18. Kh1 Qb8 19. Qe1
Nc4 20. Nc3 f5 21. Nxe4 Re8 22. Nf6+ gxf6 23. Qc3 Nd6 24. Qxf6 Ne4 25. Qg6+ Kh8
26. Qxh6+ Kg8 27. Qg6+ Kh8 28. Qh5+ Kg8 29. Qxf5 1-0

[Event "5. Griesheimer Schachtage 2009"]
[Site "Griesheim"]
[Date "2009.05.17"]
[Round "4.17"]
[White "Busch, Florian"]
[Black "Berger, Stefan"]
[Result "1/2-1/2"]
[WhiteElo "1632"]
[BlackElo "2045"]
[PlyCount "105"]

1. e4 e6 2. d4 d5 3. Nc3 Nc6 4. Bb5 a6 5. Ba4 b5 6. exd5
exd5 7. Bb3 Be6 8. a3 Be7 9. Nf3 Bf6 10. O-O Nge7 11. Bg5 Ng8 12. Bxf6 Nxf6 13.
Re1 O-O 14. Ng5 Bg4 15. Qd3 g6 16. Qg3 h5 17. h3 Bf5 18. Nf3 Na5 19. Nh4 Nxb3
20. cxb3 Bc2 21. Rac1 Bxb3 22. Nxg6 fxg6 23. Qxg6+ Kh8 24. Re5 Qd7 25. Rce1 Qg7
26. Qf5 Rf7 27. R1e3 Rg8 28. Qf3 Qg6 29. Rf5 Bc2 30. Rf4 Be4 31. Nxe4 dxe4 32.
Rexe4 Nxe4 33. Rxf7 Ng5 34. Qf6+ Rg7 35. Qxg6 Rxg6 36. Rxc7 Nf3+ 37. Kf1 Nxd4
38. Rd7 Nb3 39. Rd3 Na5 40. Rd5 Rh6 41. a4 Nc4 42. axb5 a5 43. b6 Rxb6 44.
Rxh5+ Kg7 45. Rc5 Rb4 46. Ke1 a4 47. Rg5+ Kf6 48. Rg4 Nxb2 49. Rxb4 Nd3+ 50.
Kd2 Nxb4 51. Kc3 a3 52. Kb3 a2 53. Kb2 1/2-1/2

[Event "5. Griesheimer Schachtage 2009"]
[Site "Griesheim"]
[Date "2009.05.17"]
[Round "4.18"]
[White "Selzer, Torsten"]
[Black "Freund, Karlheinz"]
[Result "1/2-1/2"]
[WhiteElo "1618"]
[BlackElo "2039"]
[PlyCount "53"]

1. d4 c6 2. Nf3 d6 3. c4 Nd7 4. Nc3 Ngf6 5. g3 e5 6. Qc2 Be7 7. Bg2 h6 8. O-O
Qc7 9. Rd1 Nb6 10. b3 Bg4 11. dxe5 dxe5 12. h3 Be6 13. Bb2 O-O 14. Ne4 Nbd7 15.
Rd2 Rad8 16. Rad1 Kh8 17. Nxf6 Bxf6 18. Qb1 Rfe8 19. Ba3 c5 20. Qe4 g6 21. Nh4
b6 22. Qc6 Rc8 23. Qxc7 Rxc7 24. Nf3 e4 25. Ne1 Bc3 26. Rc2 Be5 27. Bc1 1/2-1/2